000 00756na a2200265 4500
001 14651
003 MIRAKIL
005 20181213155255.0
008 160830b tu 000 0
020 _a9786053991601
035 _a14651
040 _aMilas
_btur
_cTR-AnCHP
082 _a320.01
_bB36p 2010
090 _a320.01 B36p 2010
100 _aBerktay, Fatmagül
245 _aPolitikanın çağrısı
_cFatmagül Berktay
260 _aİstanbul
_bİstanbul Bilgi Üniversitesi Yayınları
_c2010
300 _a330 s.
_c23 sm.
490 _aSiyaset bilimi
_v32
490 _aİstanbul Bilgi Üniversitesi yayınları
_v309
500 _aDizin var.
650 _aSiyaset bilimi
_xSosyoloji
650 _aSiyaset felsefesi
942 _2ddc
_cBKS
999 _c9733
_d9733